3 Words Missing 1 Letter Quiz Stats

 Plays Quiz Updated Jun 24, 2015

Score 0/24 Timer 06:00
0 Plays Today
Words: Letter: % Correct
_re,  o_t,  se_???
89.6%
_ra,  t_a,  or_???
83.1%
_og,  e_b,  da_???
79.5%
_ar,  e_g,  pe_???
79.4%
_op,  f_y,  aw_???
75.4%
_ed,  t_y,  ma_???
73.2%
_ap,  g_u,  pa_???
71.6%
_se,  a_k,  em_???
68.2%
_oe,  o_e,  an_???
67.1%
_ay,  i_p,  el_???
65.9%
_ex,  o_m,  as_???
63.2%
_ow,  p_i,  ab_???
62.9%
Words: Letter: % Correct
_ir,  a_t,  oa_???
60.3%
_ok,  t_o,  ra_???
58.4%
_hy,  i_s,  ru_???
51.9%
_ew,  d_e,  la_???
51.3%
_od,  i_y,  ti_???
50.3%
_it,  s_a,  il_???
44%
_er,  s_y,  ca_???
40.1%
_ak,  b_a,  ta_???
35.2%
_ie,  e_e,  le_???
34.8%
_on,  a_l,  tu_???
28.7%
_ax,  a_o,  fe_???
16%
_is,  a_e,  py_???
15.2%

You're not logged in!

Compare scores with friends on all Sporcle quizzes.
OR
Log In

Show Comments

Extras

Top Quizzes Today


Score Distribution

Your Account Isn't Verified!

In order to create a playlist on Sporcle, you need to verify the email address you used during registration. Go to your Sporcle Settings to finish the process.

Report this User

Report this user for behavior that violates our Community Guidelines.

Details: